000 00288nam a22001097a 4500
008 230621b xxu||||| |||| 00| 0 eng d
082 _a328.30
_bNOR 1983
245 _aCanadian Parliamentary Guide
_b1982-1983
260 _aCanada
_bDroits d' auteur
_c1983
300 _a1343p
942 _2ddc
_cBK
999 _c2321
_d2321